000 01101nam a2200289Ia 4500
003 OSt
005 20221007125421.0
006 a|||||r|||| 00| 0
007 ta
008 221006b |||||||| |||| 00| 0 eng d
020 _a0471987913 (pbk)
_c
_ 42.50
024 _a10312
037 _bEducational,
_cTextual
040 _aCDL
_cCDL
_beng
041 _2eng
_aeng
082 _aE5:218, P0
100 _aSteed Jonathan W
245 0 _aSupramolecular chemistry by Jonathan W Steed and Jerry L Atwood
_b Atwood Jerry L
260 _aNew
_bYork John Wiley Sons, Inc.
_c2000
300 _axxv, 745p
_ccm.
500 _aIncludes bibliographical references; Index 715-745p; ^n23/CSL/CARC/2002-2003/110^d2003-01-21^fPurchase; ; 2002-03/686^b2003-02-03^cEBA/539/2002-03^d2003-01-23^eRs.2,048.92^fEducational Book Agency (India); ; 2003-04-01^bSB^c2003-04-04^dRPS
650 _a Molecular structure
_9713791
650 _aChemistry
700 _a Atwood Jerry L
942 _hE5:218, P0
_cTEXL
_2CC
999 _c1215243
_d1215243